|
|
|
|
| LEADER |
00000cam a2200000 a 4500 |
| 001 |
030033 |
| 003 |
UAHC_CL |
| 005 |
20170803123145.0 |
| 008 |
061025b xx j 000 1 eng |
| 040 |
|
|
|a UAHC_CL
|c UAHC_CL
|d UAHC_CL
|
| 100 |
1 |
|
|a Marx, Karl
|d 1818-1883
|
| 245 |
1 |
3 |
|a El carácter fetichista de la mercancía y su secreto /
|c Karl Marx.
|
| 505 |
0 |
|
|a Marx, Karl. El carácter fetichista de la mercancía y sus secreto. En su: El capital: crítica de la economía política. Libro primero El proceso de la producción capital. I. Siglo XXI.
|
| 653 |
|
|
|a DANZA
|
| 900 |
|
|
|a DANZA 92
|
| 942 |
|
|
|c BK
|
| 952 |
|
|
|0 0
|1 0
|4 0
|6 DANZA_92_000000000000000
|7 0
|8 General
|9 58738
|a BS
|b BS
|c General
|d 2017-08-03
|l 0
|o DANZA 92
|p 1354762
|r 2023-11-08 00:00:00
|t 1
|w 2017-08-03
|y BK
|
| 999 |
|
|
|c 30033
|d 30033
|